Ülkeler Birliği ve Türkiye ve diğer ülkeler için sürdürülebilir siyasi yönetim sistemi temelleri (Record no. 1415)

MARC details
000 -BAŞLIK
Sabit Uzunlukta Kontrol Alanı 00650na a2200217 4500
001 - KONTROL NUMARASI
Denetim Alanı 13047
003 - KONTROL NUMARASI IDENTIFIER
Denetim Alanı MIRAKIL
005 - SON İŞLEM TARİHİ VE ZAMANI
Denetim Alanı 20181213154822.0
008 - SABİT-BOY VERİ ELEMANLARI - GENEL BİLGİLER
Sabit Uzunlukta Kontrol Alanı 160831b tu 000 0
020 ## - ULUSLARARASI STANDART KİTAP NUMARASI
Uluslararası Standart Kitap Numarası 9786058842304
035 ## - SİSTEM KONTROL NUMARASI
Sistem Kontrol Numarası 13047
040 ## - KATALOGLAMA KAYNAK
Orijinal Kataloglama Ajansı Milas
Kataloglama Dili tur
Metne Dönüştürmek Ajansı TR-AnCHP
082 ## - DEWEY ONLU SINIFLANDIRMA NUMARASI
Sınıflandırma Numarası 320.1
Ürün Numarası R25ü 2010
090 ## - SINIFLAMA NUMARASI
Sınıflama Numarası 320.1 R25ü 2010
100 ## - ANA GİRİŞ - KİŞİSEL İSİM
Kişisel Ad Refet Ramiz
245 ## - BAŞLIK TABLOSU
Başlık Ülkeler Birliği ve Türkiye ve diğer ülkeler için sürdürülebilir siyasi yönetim sistemi temelleri
Sorumluluk Tablosu, Vb Refet Ramiz
260 ## - YAYIN, DAĞITIM, VB
Yayın, Dağıtım, Vb Yeri Lefkoşa
Yayıncı, Dağıtıcı, Vs Adı KKTC Yayınları
Yayın, Dağıtım, Vb Tarihi 2010
300 ## - FİZİKSEL TANIM
Kapsam 420 s.
Boyutlar 21 sm.
650 ## - KONU KATMA GİRİŞ - TOPİKAL DÖNEM
Topikal Süreli Veya Coğrafi Ad Giriş Elemanı Siyasal bilimler
Genel Alt Bölümü Devlet
Coğrafi Alt Bölümü Türkiye
942 ## - EKLENDİ GİRİŞ ELEMANLARI (KOHA)
Sınıflandırma Veya Raf Düzeni Kaynak Dewey Decimal Classification
Koha Öğesi Türü Books
999 ## - SİSTEM KONTROL NUMARALARI (KOHA)
Koha Biblionumber 1415
Koha Biblioitemnumber 1415
Holdings
Kalıcı Konum Mevcut Konum Edinme Tarihi Edinim Kaynak Toplam Check-Out'Lar Tam Çağrı Numarası Barkod Tarih Son Görülme İtibaren Geçerli Fiyatlar Koha Öğesi Türü
CHP Kütüphanesi CHP Kütüphanesi 08/04/2016 Bağış   320.1 R25ü 2010 000399 08/04/2016 08/04/2016 Books